Basic Map Reading; Basic Map Reading Part-2; Basic Map Reading Part-3; Basic Map Reading Part-4 (DVD-3) (Record no. 195258)
[ view plain ]
| 000 -LEADER | |
|---|---|
| fixed length control field | 00437 a2200121 4500 |
| 003 - CONTROL NUMBER IDENTIFIER | |
| control field | Nust |
| 005 - DATE AND TIME OF LATEST TRANSACTION | |
| control field | 20170207154220.0 |
| 040 ## - CATALOGING SOURCE | |
| Transcribing agency | Nust |
| 082 ## - DEWEY DECIMAL CLASSIFICATION NUMBER | |
| Classification number | 371.33 |
| 245 ## - TITLE STATEMENT | |
| Title | Basic Map Reading; Basic Map Reading Part-2; Basic Map Reading Part-3; Basic Map Reading Part-4 (DVD-3) |
| 440 ## - SERIES STATEMENT/ADDED ENTRY--TITLE | |
| Title | Basic Map Reading; Basic Map Reading Part-2; Basic Map Reading Part-3; Basic Map Reading Part-4 (DVD-3) |
| 538 ## - SYSTEM DETAILS NOTE | |
| System details note | Duration Mins 16,12,10&10 |
| 650 ## - SUBJECT ADDED ENTRY--TOPICAL TERM | |
| Topical term or geographic name entry element | TFC No 9 MR |
| Location of event | (DVD-3) |
| Withdrawn status | Lost status | Source of classification or shelving scheme | Damaged status | Not for loan | Collection code | Current Location | Date acquired | Total Checkouts | Full call number | Barcode | Date last seen | Price effective from | Koha item type |
|---|---|---|---|---|---|---|---|---|---|---|---|---|---|
| Military College of Signals (MCS) | 12/12/2016 | 371.33 BAS | MCSDVD-3 | 12/08/2016 | 12/12/2016 | Book |
